[Event "Mechanics' Bedjanian TNM; G/2 d/5"]
[Site "San Francisco"]
[Date "2018.10.30"]
[Round "2.20"]
[White "James, Charles"]
[Black "Walder, Michael"]
[Result "0-1"]
[WhiteElo "1421"]
[BlackElo "2014"]
[PlyCount "66"]
[EventDate "2018.??.??"]
[Source "ChessBase"]
[SourceDate "2007.09.04"]

1. d4 Nf6 2. c4 e6 3. Nc3 Bb4 4. Qc2 d5 5. cxd5 Qxd5 6. Nf3 Qf5 7. Qxf5 exf5 8.
Bd2 c6 9. e3 Nbd7 10. Bd3 Nb6 11. a3 Be7 12. O-O h6 13. Ne5 Be6 14. Rac1 O-O
15. f3 Rfd8 16. b4 f4 17. Ne2 fxe3 18. Bxe3 a5 19. Nf4 Nfd5 20. Nxe6 fxe6 21.
Bd2 axb4 22. axb4 Bxb4 23. Rf2 Ra2 24. Rc2 Rxc2 25. Bxc2 Bc3 26. Bxc3 Nxc3 27.
Bb3 Nbd5 28. f4 Nb5 29. f5 Nxd4 30. Bd1 exf5 31. Bh5 g5 32. Nf7 Rf8 33. Ne5 Nf4
0-1

[Event "Mechanics' Summer TNM; G/2 d/5"]
[Site "San Francisco"]
[Date "2018.05.29"]
[Round "1.21"]
[White "James, Charles"]
[Black "Wonsever, James"]
[Result "0-1"]
[WhiteElo "1405"]
[BlackElo "1872"]
[PlyCount "122"]
[EventDate "2018.??.??"]
[Source "ChessBase"]
[SourceDate "2007.09.04"]

1. d4 d5 2. c4 c6 3. Nf3 Nf6 4. Nc3 e6 5. cxd5 exd5 6. Qc2 g6 7. Bg5 Bg7 8. e3
O-O 9. Bd3 Nbd7 10. e4 dxe4 11. Nxe4 Qb6 12. O-O Nd5 13. a3 N7f6 14. Nxf6+ Nxf6
15. Rfe1 Be6 16. h3 Bd5 17. Bf4 Bxf3 18. gxf3 Qxd4 19. Be5 Qd7 20. Bf1 Nd5 21.
Bg3 Rfe8 22. Red1 Qe7 23. Rd2 Be5 24. Re2 Qf6 25. Rae1 Nf4 26. Re4 Kf8 27. Qc5+
Bd6 28. Rxe8+ Rxe8 29. Rxe8+ Kxe8 30. Qe3+ Kd7 31. b4 b6 32. Kh2 h5 33. Kg1 h4
34. Bxf4 Bxf4 35. Qd3+ Bd6 36. Qe3 Qf5 37. Qe4 Qf6 38. Kg2 Kc7 39. Ba6 Qf4 40.
Qe8 Qh2+ 41. Kf1 Qxh3+ 42. Ke2 Qe6+ 43. Qxe6 fxe6 44. Bd3 g5 45. Bg6 a5 46.
bxa5 b5 47. Bf7 Kd7 48. a6 Bc5 49. Kf1 e5 50. Bg6 Kc7 51. Be4 Bd4 52. Bc2 Kb6
53. a7 Kxa7 54. a4 b4 55. Bb3 Kb6 56. Be6 Ka5 57. Bb3 Ba7 58. Kg2 Kb6 59. Kf1
Kc5 60. Kg2 Kd4 61. Kh3 c5 0-1

[Event "Mechanics' Shipman TNM; G/2 d/5"]
[Site "San Francisco"]
[Date "2018.08.07"]
[Round "1.18"]
[White "James, Charles"]
[Black "Yanofsky, Kevin"]
[Result "0-1"]
[WhiteElo "1406"]
[BlackElo "1862"]
[PlyCount "56"]
[EventDate "2018.??.??"]
[Source "ChessBase"]
[SourceDate "2007.09.04"]

1. d4 Nf6 2. c4 e6 3. Nc3 Bb4 4. Qc2 c5 5. dxc5 Na6 6. a3 Bxc3+ 7. Qxc3 Nxc5 8.
Bf4 Nce4 9. Qc2 d5 10. Rd1 Qa5+ 11. b4 Qxa3 12. Rb1 dxc4 13. Qxc4 Qc3+ 14. Qxc3
Nxc3 15. Rc1 Ncd5 16. Rc4 Bd7 17. Be5 Bb5 18. Rd4 Rc8 19. e4 Rc1+ 20. Rd1 Rxd1+
21. Kxd1 Bxf1 22. Ne2 Bxe2+ 23. Kxe2 Nxe4 24. f3 Nef6 25. Bd6 Kd7 26. Bc5 b6
27. Bd4 Nxb4 28. Rd1 Nbd5 0-1

[Event "Mechanics' Bedjanian TNM; G/2 d/5"]
[Site "San Francisco"]
[Date "2018.11.27"]
[Round "6.17"]
[White "Jensen, Christian"]
[Black "Ansari, Jahaan"]
[Result "1-0"]
[WhiteElo "1844"]
[BlackElo "882"]
[Annotator "Winslow,Elliott"]
[PlyCount "75"]
[EventDate "2018.??.??"]
[Source "ChessBase"]
[SourceDate "2007.09.04"]

1. e4 e6 2. d4 d5 3. Nc3 Nf6 4. e5 Nfd7 5. f4 c5 6. Nf3 Nc6 7. Be3 Qb6 8. Na4
Qa5+ 9. c3 cxd4 10. b4 Nxb4 11. cxb4 Bxb4+ 12. Bd2 Bxd2+ 13. Nxd2 b5 14. Nb2
Bb7 $2 (14... O-O) (14... Nc5) 15. a4 $5 (15. Bd3) (15. Be2) 15... b4 $6 (15...
bxa4 16. Qxa4 (16. Nxa4)) 16. Nb3 Qd8 17. Nxd4 (17. Qxd4 $142) 17... a5 18. Nb5
$6 (18. Bb5) (18. Rc1) 18... O-O 19. Rc1 $6 (19. g3) (19. Qd4) (19. Nd6) (19.
Be2) 19... Nb6 20. Nd6 Rb8 21. Qh5 (21. Qd4 $18) 21... g6 22. Qh6 f6 $6 23. Qh3
(23. Bd3 {/\ Bxg6}) 23... Qe7 24. Qe3 $2 (24. Qh4 $16) 24... Qd8 $2 $18 (24...
d4 $1 25. Qxd4 fxe5 26. Qxe5 (26. fxe5 Qg5) 26... Bd5 $11 (26... Nd7 27. Qd4
Bd5 28. Nb5 $14)) 25. Bb5 f5 26. O-O Ba8 27. Qd4 Qe7 28. Rc2 Qd8 29. Rfc1 Kh8
30. Nd3 Bb7 31. Rc7 Bc8 32. Nf7+ Rxf7 33. Rxf7 Kg8 34. Rcc7 g5 35. Rg7+ Kh8 36.
Rxh7+ Kg8 37. Rcg7+ Kf8 38. Qc5+ 1-0

[Event "Mechanics' Summer TNM; G/2 d/5"]
[Site "San Francisco"]
[Date "2018.06.19"]
[Round "4.3"]
[White "Jensen, Christian"]
[Black "Chambers, Ezra Paul"]
[Result "0-1"]
[WhiteElo "1835"]
[BlackElo "2273"]
[Annotator "Winslow,Elliott"]
[PlyCount "80"]
[EventDate "2018.??.??"]
[Source "ChessBase"]
[SourceDate "2007.09.04"]

1. e4 Nc6 2. Nc3 Nf6 3. g3 d5 4. exd5 Nxd5 5. Bg2 Nxc3 6. bxc3 e5 7. Qe2 Bd6 8.
Nf3 O-O 9. d3 Bg4 10. Qe4 f5 11. Qd5+ Kh8 12. Ng5 Qf6 13. Ne6 Rfe8 14. Nc5 e4
15. d4 {[#]} Ne7 (15... f4 $1) (15... Rad8 $1) 16. Qc4 Bxc5 (16... b6 $1 17.
Nb7 Ng6 $140 {Z0 Bf8} ({Nxd6 cxd6 Z0} 17... Rac8)) 17. Qxc5 Qa6 18. Bf1 Qd6 19.
Ba3 Bf3 20. Qxd6 cxd6 21. Rg1 Red8 22. Kd2 Rac8 23. c4 Nc6 24. Kc3 Na5 25. Kb4
b6 26. d5 Rd7 27. Kb5 Bh5 28. Bb4 Nb7 29. Ka4 Nc5+ 30. Ka3 Kg8 31. Kb2 Bg6 32.
a4 a5 33. Bd2 Be8 34. Be3 Rb7 35. g4 Nxa4+ 36. Kc1 b5 37. cxb5 Nc3 38. Rxa5
fxg4 39. Rxg4 Bh5 40. Rg3 Bf3 {time scramble} 0-1

[Event "Mechanics' Shipman TNM; G/2 d/5"]
[Site "San Francisco"]
[Date "2018.08.21"]
[Round "3.7"]
[White "Jensen, Christian"]
[Black "Diaz, Conrado"]
[Result "0-1"]
[WhiteElo "1827"]
[BlackElo "2343"]
[Annotator "Winslow,Elliott"]
[PlyCount "48"]
[EventDate "2018.??.??"]
[Source "ChessBase"]
[SourceDate "2007.09.04"]

1. e4 d5 2. exd5 Qxd5 3. Nc3 Qa5 4. g3 Nf6 5. Bg2 g6 6. Nge2 Bg7 7. O-O O-O 8.
d4 c6 9. Bd2 Qd8 10. Qc1 Re8 11. h3 a5 12. Nd1 Nd5 13. Ne3 Nxe3 14. Bxe3 e5 15.
c3 Be6 16. dxe5 Bxe5 17. Nf4 Nd7 18. Nxe6 Rxe6 19. Bf4 Qc7 20. Bxe5 Nxe5 21.
Qc2 Rae8 22. Rad1 Nc4 23. b3 Re2 24. Qc1 $4 {Diagram [#]} (24. Qd3 {
is completely equal, e.g.} Nb6 (24... Nb2 25. Qd7 Qxd7 26. Rxd7) 25. Bf3 Rxa2
26. Qb1 Ra3 27. Qb2 Qe7 28. Kg2 a4 $4 29. Rfe1) 24... Ne3 $1 0-1

[Event "Mechanics' Vartan Bedjanian TNM; G/2 d/"]
[Site "San Francisco"]
[Date "2018.11.07"]
[Round "3.12"]
[White "Jensen, Christian"]
[Black "Gaffagan, Steven"]
[Result "1/2-1/2"]
[WhiteElo "1844"]
[BlackElo "2083"]
[PlyCount "55"]
[EventDate "2018.??.??"]
[Source "ChessBase"]
[SourceDate "2007.09.04"]

1. e4 c5 2. Nf3 e6 3. d4 cxd4 4. Nxd4 Nc6 5. Nc3 Qc7 6. Be3 a6 7. Be2 d6 8. O-O
Nf6 9. f4 Be7 10. Bf3 O-O 11. Qd2 Bd7 12. g4 Nxd4 13. Bxd4 Bc6 14. g5 Nd7 15.
Be3 Rfe8 16. h4 b5 17. Qg2 Rac8 18. Rad1 b4 19. Ne2 Bb5 20. Rd2 Nb6 21. b3 Bf8
22. Rfd1 Bc6 23. Nd4 Bb7 24. f5 d5 25. fxe6 fxe6 26. Qg4 Bc5 27. Kh1 Qe7 28. e5
1/2-1/2

[Event "Mechanics' Shipman TNM; G/2 d/5"]
[Site "San Francisco"]
[Date "2018.08.14"]
[Round "2.4"]
[White "Jensen, Christian"]
[Black "Ivanov, Aleksandr"]
[Result "1/2-1/2"]
[WhiteElo "1827"]
[BlackElo "2197"]
[PlyCount "44"]
[EventDate "2018.??.??"]
[Source "ChessBase"]
[SourceDate "2007.09.04"]

1. e4 e6 2. d4 d5 3. Nc3 Bb4 4. exd5 exd5 5. Bd3 Nc6 6. Nge2 Nge7 7. O-O O-O 8.
Bf4 Bg4 9. Nb5 a6 10. f3 Bf5 11. Na3 Re8 12. c3 Bd6 13. Nc2 Bxf4 14. Nxf4 Qd6
15. Qd2 Qh6 16. Rad1 Rad8 17. Rfe1 Qd6 18. g3 h6 19. Ne3 Bxd3 20. Qxd3 Nb8 21.
Re2 c6 22. Rde1 Ng6 {Drawn shortly, remaining moves unavailable.} 1/2-1/2

[Event "Mechanics' Spring TNM; G/2 d5"]
[Site "San Francisco"]
[Date "2018.03.20"]
[Round "1.23"]
[White "Jensen, Christian"]
[Black "James, Charles"]
[Result "1-0"]
[WhiteElo "1873"]
[BlackElo "1381"]
[PlyCount "81"]
[EventDate "2018.??.??"]
[Source "ChessBase"]
[SourceDate "2007.09.04"]

1. e4 c5 2. Nf3 d6 3. d4 cxd4 4. Nxd4 Nf6 5. Nc3 a6 6. Bg5 e5 7. Nb3 Be7 8. Be2
O-O 9. Qd2 b5 10. a3 Bb7 11. f3 Nbd7 12. Be3 Rc8 13. Rd1 Nb6 14. O-O Nc4 15.
Bxc4 bxc4 16. Nc1 Qc7 17. N1e2 Qa5 18. Nd5 Qd8 19. Nxe7+ Qxe7 20. Qxd6 Qxd6 21.
Rxd6 Bc6 22. Rfd1 Bb5 23. Nc3 Bc6 24. Bg5 Ne8 25. Rxc6 Rxc6 26. Be7 Rc8 27.
Bxf8 Kxf8 28. Rd5 f6 29. Rd7 Nc7 30. Kf2 Ne6 31. Ra7 Rc6 32. Nd5 Rd6 33. Ra8+
Kf7 34. Rc8 Nf4 35. Nxf4 exf4 36. Ke2 Rb6 37. Rxc4 Rxb2 38. Kd3 Rb1 39. h4 Re1
40. Kd4 Kg6 41. Rc6 {White later won. Remaining moves unavailable.} 1-0

[Event "Mechanics' Summer TNM; G/2 d/5"]
[Site "San Francisco"]
[Date "2018.06.05"]
[Round "2.26"]
[White "Jensen, Christian"]
[Black "Mondial, Aniket"]
[Result "1/2-1/2"]
[WhiteElo "1835"]
[BlackElo "1624"]
[PlyCount "25"]
[EventDate "2018.??.??"]
[Source "ChessBase"]
[SourceDate "2007.09.04"]

1. e4 e5 2. Nc3 Nf6 3. g3 Bc5 4. Bg2 d6 5. Na4 Bd4 6. c3 {Diagram [#]} Bxf2+ 7.
Kxf2 b5 8. Bf3 Bd7 9. b3 bxa4 10. bxa4 Bc6 11. d3 Nbd7 12. Be3 Rb8 (12... d5) (
12... O-O) 13. Rb1 (13. Rb1 Rxb1 14. Qxb1 d5 $1 $17) 1/2-1/2

[Event "Mechanics' Spring TNM; G/2 d5"]
[Site "San Francisco"]
[Date "2018.04.24"]
[Round "6.17"]
[White "Jensen, Christian"]
[Black "Quang, Danny"]
[Result "1/2-1/2"]
[WhiteElo "1873"]
[BlackElo "1702"]
[PlyCount "70"]
[EventDate "2018.??.??"]
[Source "ChessBase"]
[SourceDate "2007.09.04"]

1. e4 d5 2. exd5 Qxd5 3. Nc3 Qd8 4. d4 Nf6 5. Nf3 Bf5 6. Bc4 e6 7. h3 Be7 8.
Nh4 Bg6 9. Nxg6 hxg6 10. Be3 Nbd7 11. Qe2 c6 12. Bd3 Qa5 13. O-O Qh5 14. Qxh5
gxh5 15. a4 a5 16. Ne4 Nxe4 17. Bxe4 Nf6 18. Bf3 Nd5 19. Bd2 g6 20. c4 Nb4 21.
Bc3 O-O 22. Rad1 Rfd8 23. Rfe1 Bf8 24. g4 hxg4 25. hxg4 Na2 26. d5 Nxc3 27.
bxc3 cxd5 28. cxd5 exd5 29. Rxd5 Rxd5 30. Bxd5 Rc8 31. Re3 b6 32. Kg2 Rc7 33.
f4 Kg7 34. Kf3 Bc5 35. Re4 Re7 1/2-1/2

[Event "Mechanics' Winter TNM; G/2 d5"]
[Site "San Francisco"]
[Date "2018.01.23"]
[Round "3.24"]
[White "Jensen, Christian"]
[Black "Rakonitz, David"]
[Result "1/2-1/2"]
[WhiteElo "1821"]
[BlackElo "1595"]
[PlyCount "58"]
[EventDate "2018.??.??"]
[Source "ChessBase"]
[SourceDate "2007.09.04"]

1. e4 e6 2. d4 d5 3. Nc3 Bb4 4. exd5 exd5 5. Bd3 Ne7 6. Nge2 O-O 7. a3 Ba5 8.
O-O Bf5 9. Bf4 c6 10. Re1 Bc7 11. Qd2 Bxd3 12. Qxd3 Nd7 13. Rad1 Ng6 14. Bg3
Nf6 15. Qf5 Re8 16. Nc1 Bxg3 17. hxg3 Qc7 18. Nd3 Nd7 19. Nb1 Qd6 20. c3 f6 21.
Nd2 Ngf8 22. Nf4 Re7 23. Rxe7 Qxe7 24. c4 dxc4 25. Nxc4 Re8 26. Ne3 Nb6 27. Qa5
Ra8 28. Qh5 Qe4 29. Qf3 Re8 1/2-1/2

[Event "Mechanics' Spring TNM; G/2 d5"]
[Site "San Francisco"]
[Date "2018.05.01"]
[Round "7.15"]
[White "Jensen, Christian"]
[Black "Robeal, Rafik"]
[Result "1-0"]
[WhiteElo "1873"]
[BlackElo "1682"]
[Annotator "Winslow,Elliott"]
[PlyCount "67"]
[EventDate "2018.??.??"]
[Source "ChessBase"]
[SourceDate "2007.09.04"]

1. e4 d5 2. exd5 Qxd5 3. Nc3 Qd6 4. g3 Nf6 5. Bg2 c6 6. Nf3 Bg4 7. h3 Bh5 8. g4
(8. d4 e6 9. O-O $14) 8... Bg6 9. d4 e6 10. Ne5 Nbd7 11. Bf4 (11. f4 $14) 11...
Nxe5 12. Bxe5 Qd8 13. h4 h5 14. g5 Nd7 (14... Ng4) 15. Bf4 (15. Bg3 $1) 15...
Qa5 (15... Qb6 16. Rb1 Qa6 17. Bf1 (17. a3) (17. Ne4 Nb6 18. Qe2 Qxa2 19. O-O
Be7 $13) 17... Qb6 $11) 16. O-O $14 Qf5 $6 17. Qf3 $6 (17. Bg3 $1 Qxc2 18. d5
$1 Qxd1 19. Raxd1 cxd5 20. Nxd5 exd5 21. Rfe1+ Be7 22. Bd6 Be4 23. Bxe7 Kxe7
24. Rxd5 $16) 17... Qxc2 $6 (17... Qg4 $11 18. Qg3 Bxc2 19. d5 cxd5 (19... Qxg3
)) 18. Rac1 (18. d5 $1 cxd5 19. Nxd5 exd5 20. Qxd5 $16) 18... Qd3 $1 $11 19. d5
Qxf3 20. Bxf3 cxd5 21. Nxd5 (21. Bxd5 $5 exd5 (21... Nc5 $1) 22. Nxd5 Nc5 $1
23. Nc7+ Kd7 24. Nxa8 Nd3 25. Rc7+ $1 Ke6 26. Rc4 $1 $16 Nxf4 27. Rxf4 Bd6 28.
Re1+ Kd7 29. Rd4 Rd8 30. b4 {
Amazing: this is good for White (SF9) -- although I don't see the way forward.}
) (21. Nb5 Kd8 22. Bc7+ Ke8 $11) 21... exd5 22. Rfe1+ Be7 {[#]} 23. Bd6 $4 (23.
Bxd5 $1 $11 Kf8 $2 (23... Bf5 24. Bxb7 Rd8 25. Bc7 Be6 $11) 24. Bxb7 Rd8 25.
Bc7 Re8 26. Rxe7 Kxe7 $1 (26... Rxe7 27. Bd6 f6 28. Rc7 Be8 29. Bc6) 27. Re1+
Ne5 $1) 23... Be4 $19 24. Bxe4 dxe4 $4 25. Rxe4 O-O 26. Rxe7 Rfd8 27. Rc7 (27.
g6 $1) 27... Nb6 28. Be5 Nd5 29. Rxf7 $1 Nxc7 30. Rxg7+ Kf8 31. Rxc7 b5 32. g6
(32. Rh7) 32... a5 $6 (32... Rd5 33. Bc3 a5 34. Rh7 Ra6 35. Rh6 $1) 33. Bf6
Rdc8 34. Rh7 1-0

[Event "Mechanics' Winter TNM; G/2 d5"]
[Site "San Francisco"]
[Date "2018.02.27"]
[Round "8.19"]
[White "Jensen, Christian"]
[Black "Simpkins, Jerry"]
[Result "1/2-1/2"]
[WhiteElo "1821"]
[BlackElo "1580"]
[PlyCount "37"]
[EventDate "2018.??.??"]
[Source "ChessBase"]
[SourceDate "2007.09.04"]

1. e4 e5 2. Nf3 f5 3. Nxe5 Qe7 4. Qh5+ g6 5. Nxg6 Qxe4+ 6. Kd1 Nf6 7. Qh4 Qg4+
8. Qxg4 Nxg4 9. Nxh8 Nxf2+ 10. Ke1 Nxh1 11. Bc4 Bc5 12. c3 Bg1 13. d4 Bxh2 14.
Bf7+ Kf8 15. Bh6+ Ke7 16. Bg5+ Kf8 17. Bh6+ Ke7 18. Bg5+ Kf8 19. Bh6+ 1/2-1/2

[Event "Mechanics' Shipman TNM; G/2 d/5"]
[Site "San Francisco"]
[Date "2018.09.11"]
[Round "6.21"]
[White "Jensen, Christian"]
[Black "Starr, Albert Mart"]
[Result "1-0"]
[WhiteElo "1827"]
[BlackElo "1502"]
[PlyCount "89"]
[EventDate "2018.??.??"]
[Source "ChessBase"]
[SourceDate "2007.09.04"]

1. e4 e5 2. Nc3 Nf6 3. Nf3 Bb4 4. g3 O-O 5. Qe2 c6 6. Qc4 Bxc3 7. bxc3 d5 8.
exd5 cxd5 9. Qh4 Ng4 10. d3 Qxh4 11. Nxh4 Nc6 12. Bg2 Be6 13. O-O Rad8 14. Rb1
b6 15. c4 Ne7 16. cxd5 Bxd5 17. Re1 Bxg2 18. Kxg2 Nc6 19. h3 Nf6 20. Bb2 Rfe8
21. Nf5 g6 22. Ne3 Re6 23. Nc4 Nd7 24. a4 f6 25. d4 Ree8 26. Nd6 Rf8 27. c3
exd4 28. cxd4 Ndb8 29. Re6 Kg7 30. Rbe1 Rd7 31. Ne8+ Kf7 32. Rxf6+ Kg8 33.
Rxf8+ Kxf8 34. Nf6 Re7 35. Ba3 Kf7 36. Bxe7 Nxe7 37. Nxh7 Nbc6 38. Ng5+ Kf8 39.
Re4 Nd5 40. Ne6+ Kf7 41. Ng5+ Kf6 42. Re6+ Kxg5 43. Rxc6 Kf5 44. Kf3 a5 45. h4
1-0

[Event "Mechanics' Spring TNM; G/2 d5"]
[Site "San Francisco"]
[Date "2018.04.03"]
[Round "3.8"]
[White "Jensen, Christian"]
[Black "Stearman, Josiah P"]
[Result "1/2-1/2"]
[WhiteElo "1873"]
[BlackElo "2395"]
[Annotator "Donaldson"]
[PlyCount "65"]
[EventDate "2018.??.??"]
[Source "ChessBase"]
[SourceDate "2007.09.04"]

1. e4 c5 2. Nf3 Nc6 3. d4 cxd4 4. Nxd4 Nf6 5. Nc3 e5 6. Ndb5 d6 7. Bg5 a6 8.
Na3 b5 9. Bxf6 gxf6 10. Nd5 f5 11. Bxb5 axb5 12. Nxb5 Qa5+ (12... Ra4) 13. c3
Kd8 $2 (13... Qa4) 14. a4 Rb8 15. b4 Qa6 16. O-O Be6 17. exf5 Bxf5 18. Qf3 Qc8
19. Ne3 Bg6 20. Qf6+ Kd7 21. Qxh8 Qd8 22. Nd5 Qh4 23. Qf6 Qxf6 24. Nxf6+ Ke6
25. Ng4 f5 26. Ne3 f4 27. Nc7+ Kd7 28. Ned5 Rb7 29. Nb5 Ke6 30. Rfd1 Bc2 31.
Rd2 Bb3 32. Ndc7+ Kd7 {Diagram [#]} 33. Nd5 (33. a5 $18) 1/2-1/2

[Event "Mechanics' Winter TNM; G/2 d5"]
[Site "San Francisco"]
[Date "2018.02.06"]
[Round "5.23"]
[White "Jensen, Christian"]
[Black "Yamamoto, Craig"]
[Result "1-0"]
[WhiteElo "1821"]
[BlackElo "1520"]
[PlyCount "61"]
[EventDate "2018.??.??"]
[Source "ChessBase"]
[SourceDate "2007.09.04"]

1. e4 Nf6 2. e5 Nd5 3. c4 Nb6 4. d4 d6 5. exd6 exd6 6. Nc3 Be7 7. Bd3 O-O 8.
Be3 g6 9. Nge2 Bf6 10. Ne4 Bg7 11. h4 Bf5 12. h5 Nxc4 13. hxg6 Nxe3 14. gxf7+
Rxf7 15. fxe3 d5 16. N4g3 Bxd3 17. Qxd3 Bf8 18. O-O-O Qg5 19. Rdf1 Rxf1+ 20.
Nxf1 Qe7 21. Qf5 c6 22. Nf4 Nd7 23. Rh3 Nf6 24. Ne6 Re8 25. Nxf8 Rxf8 26. Nd2
Qg7 27. Qe5 Kh8 28. Rg3 Qf7 29. Rf3 Qg7 30. e4 Nxe4 $4 (30... Nd7 $14) 31.
Rxf8# 1-0

[Event "Mechanics' Winter TNM; G/2 d5"]
[Site "San Francisco"]
[Date "2018.02.13"]
[Round "6.14"]
[White "Jones, James"]
[Black "Delgado, David"]
[Result "1-0"]
[WhiteElo "2017"]
[BlackElo "1706"]
[Annotator "Donaldson"]
[PlyCount "63"]
[EventDate "2018.??.??"]
[Source "ChessBase"]
[SourceDate "2007.09.04"]

1. e4 c5 2. Nf3 d6 3. d4 cxd4 4. Nxd4 Nf6 5. Nc3 g6 6. Be3 Bg7 7. f3 Nc6 8. Qd2
Nxd4 9. Bxd4 O-O 10. Bc4 a6 11. h4 b5 12. Bb3 h5 13. g4 e5 14. Be3 hxg4 15.
O-O-O Nh5 16. fxg4 Bxg4 17. Rdg1 Bd7 {Diagram [#]} 18. Rxg6 Be6 19. Bxe6 fxe6
20. Rxe6 Rf3 21. Bh6 Qf8 22. Qg2 (22. Rxd6) 22... Rg3 23. Qd2 Rd8 24. Bg5 Rd7
25. Qd1 Nf4 26. Bxf4 Qxf4+ (26... exf4) 27. Kb1 Rxc3 28. bxc3 Qxe4 29. Re8+ Kh7
30. Qh5+ Bh6 31. Rg1 b4 32. Rh8+ 1-0

[Event "Mechanics' Winter TNM; G/2 d5"]
[Site "San Francisco"]
[Date "2018.01.30"]
[Round "4.12"]
[White "Jones, James E"]
[Black "Babayan, Gagik"]
[Result "1-0"]
[WhiteElo "2017"]
[BlackElo "1718"]
[PlyCount "53"]
[EventDate "2018.??.??"]
[Source "ChessBase"]
[SourceDate "2007.09.04"]

1. e4 d6 2. d4 Nf6 3. Nc3 g6 4. Bc4 Bg7 5. Qe2 O-O 6. e5 dxe5 7. dxe5 Ne8 8.
Bg5 c6 9. Rd1 Qc7 10. f4 b5 11. Bb3 a5 12. a4 b4 13. Ne4 c5 14. Nf3 Bf5 15. O-O
Na6 16. Bc4 Kh8 17. Ng3 Bc8 18. f5 e6 19. f6 Nb8 20. fxg7+ Kxg7 21. Qe3 Rg8 22.
Bh6+ Kh8 23. Ng5 Ra7 24. Nxf7+ Qxf7 25. Rxf7 Rxf7 26. Ne4 Nd7 27. Bxe6 1-0

[Event "Mechanics' Spring TNM; G/2 d5"]
[Site "San Francisco"]
[Date "2018.04.24"]
[Round "6.11"]
[White "Jones, James E"]
[Black "Kuczek, Kevin W"]
[Result "0-1"]
[WhiteElo "2020"]
[BlackElo "1916"]
[PlyCount "38"]
[EventDate "2018.??.??"]
[Source "ChessBase"]
[SourceDate "2007.09.04"]

1. e4 e5 2. d4 exd4 3. Bc4 Nc6 4. c3 Nf6 5. Qb3 Qe7 6. Nf3 Na5 7. Qa4 Nxc4 8.
Qxc4 d5 9. Qb3 Qxe4+ 10. Kd1 Qd3+ 11. Bd2 Bg4 12. Re1+ Kd7 13. Qa4+ c6 14. Qxd4
Bxf3+ 15. gxf3 Qxf3+ 16. Kc2 Qf5+ 17. Kb3 Bd6 18. f4 b6 19. Na3 a5 0-1

[Event "Mechanics' Winter TNM; G/2 d5"]
[Site "San Francisco"]
[Date "2018.02.27"]
[Round "8.5"]
[White "Jones, James E"]
[Black "Tsodikova, Natalya"]
[Result "0-1"]
[WhiteElo "2017"]
[BlackElo "2191"]
[PlyCount "40"]
[EventDate "2018.??.??"]
[Source "ChessBase"]
[SourceDate "2007.09.04"]

1. e4 e5 2. Bc4 Bc5 3. Nf3 Nc6 4. b4 Be7 5. b5 Na5 6. Bxf7+ $6 Kxf7 7. Nxe5+
Kf8 8. Qf3+ $6 (8. O-O) 8... Nf6 9. g4 $2 d6 10. g5 dxe5 11. gxf6 gxf6 12. Ba3
Bd6 13. Qe3 h5 14. Rg1 Nc4 15. Qg3 Qe7 16. Bc1 Be6 17. d3 Nb6 18. Qg6 Qf7 19.
Bh6+ Ke7 20. Qxf7+ Bxf7 0-1

[Event "Mechanics' Summer TNM; G/2 d/5"]
[Site "San Francisco"]
[Date "2018.05.29"]
[Round "1.30"]
[White "Karp, Richard"]
[Black "Frank, Robert H"]
[Result "1-0"]
[WhiteElo "1761"]
[BlackElo "1278"]
[PlyCount "49"]
[EventDate "2018.??.??"]
[Source "ChessBase"]
[SourceDate "2007.09.04"]

1. e4 e5 2. Nf3 Nf6 3. Nxe5 d6 4. Nf3 Nxe4 5. Bd3 Nc5 6. Be2 Be7 7. O-O O-O 8.
Nc3 c6 9. d4 Ne6 10. Re1 d5 11. Bd2 Qb6 12. Na4 Qc7 13. b3 b5 14. Nb2 a5 15.
Nd3 Nd7 16. Rc1 b4 17. c3 bxc3 18. Rxc3 Nf6 19. Nde5 Nxd4 20. Nxd4 Qxe5 21.
Nxc6 Qd6 22. Nxe7+ Qxe7 23. Bg5 Be6 24. Qd4 Rfd8 25. Rg3 1-0

[Event "Mechanics' Spring TNM; G/2 d5"]
[Site "San Francisco"]
[Date "2018.04.03"]
[Round "3.31"]
[White "Karp, Richard"]
[Black "Gurovich, Roman"]
[Result "1-0"]
[WhiteElo "1804"]
[BlackElo "1730"]
[PlyCount "83"]
[EventDate "2018.??.??"]
[Source "ChessBase"]
[SourceDate "2007.09.04"]

1. e4 c5 2. Nf3 d6 3. d4 cxd4 4. Nxd4 Nf6 5. Nc3 a6 6. Bc4 Nc6 7. a3 e5 8. Nde2
Be6 9. Bd5 Bxd5 10. exd5 Ne7 11. Bg5 Nd7 12. O-O f6 13. Be3 Ng6 14. Ng3 Be7 15.
Nf5 O-O 16. h4 Nxh4 $2 17. Nxh4 f5 18. Nf3 f4 19. Bd2 Qe8 20. Nh2 Qf7 21. Qg4
Nb6 22. Qe6 Qxe6 23. dxe6 Rf6 24. Ne4 Rxe6 25. Bb4 Rc8 26. Nc3 Kf7 27. Rfd1 Nc4
28. b3 a5 29. bxc4 axb4 30. axb4 Rxc4 31. Nd5 Rxc2 32. Ra7 Bh4 33. Rxb7+ Kg6
34. f3 Bf2+ 35. Kh1 h5 36. Nf1 Kh7 37. Rd2 Rxd2 38. Nxd2 Rh6 39. Ne4 Bd4 40.
Rd7 Kg8 41. Rxd6 Rxd6 42. Nxd6 1-0

[Event "Mechanics' Summer TNM; G/2 d5"]
[Site "San Francisco"]
[Date "2018.07.03"]
[Round "6.19"]
[White "Karp, Richard"]
[Black "Hack, Richard"]
[Result "0-1"]
[WhiteElo "1761"]
[BlackElo "1582"]
[PlyCount "42"]
[EventDate "2018.??.??"]
[Source "ChessBase"]
[SourceDate "2007.09.04"]

1. e4 e5 2. Bc4 Nc6 3. Nf3 Nf6 4. d3 Bc5 5. O-O O-O 6. a4 h6 7. c3 a5 8. Re1 d6
9. h3 Ne7 10. d4 exd4 11. cxd4 Bb4 12. Nc3 Ng6 13. Bd2 Re8 14. Qc2 Be6 15. d5
Bd7 16. Rac1 Nh5 17. Bf1 Rc8 18. g3 Qf6 19. Qd3 Bc5 20. Kg2 Ne5 21. Qe2 Nxf3
0-1

[Event "Mechanics' Summer TNM; G/2 d/5"]
[Site "San Francisco"]
[Date "2018.06.19"]
[Round "4.40"]
[White "Karp, Richard"]
[Black "Yamamoto, Craig"]
[Result "1-0"]
[WhiteElo "1439"]
[BlackElo "1500"]
[PlyCount "41"]
[EventDate "2018.??.??"]
[Source "ChessBase"]
[SourceDate "2007.09.04"]

1. e4 c5 2. Nf3 d6 3. d4 cxd4 4. Nxd4 Nf6 5. Nc3 a6 6. Be2 b5 7. a3 Bb7 8. Bf3
e6 9. e5 Nd5 10. Nxd5 Bxd5 11. Bxd5 exd5 12. e6 fxe6 13. Nxe6 Qe7 14. Qxd5 Ra7
15. O-O Nd7 16. Bg5 Qf7 17. Rfe1 Ne5 18. Rxe5 Be7 19. Bxe7 Rxe7 20. Qc6+ Rd7
21. Ree1 1-0

[Event "Mechanics' Spring TNM; G/2 d5"]
[Site "San Francisco"]
[Date "2018.05.08"]
[Round "8.31"]
[White "Karp, Richard M"]
[Black "Boldt, Tim"]
[Result "1-0"]
[WhiteElo "1834"]
[BlackElo "1329"]
[PlyCount "85"]
[EventDate "2018.??.??"]
[Source "ChessBase"]
[SourceDate "2007.09.04"]

1. e4 e6 2. d4 d5 3. Nd2 dxe4 4. Nxe4 Bd7 5. Nf3 Bc6 6. Bd3 Nd7 7. O-O Ngf6 8.
Qe2 Be7 9. c4 Bxe4 10. Bxe4 Nxe4 11. Qxe4 c6 12. Qg4 Nf6 13. Qxg7 Rg8 14. Qh6
Bf8 15. Qe3 Qe7 16. Qb3 O-O-O 17. Qa4 Kb8 18. Be3 Ng4 19. Bf4+ Ka8 20. a3 Qf6
21. Bc7 Rd7 22. Bb6 a6 23. b4 Qf5 24. Rab1 Nf6 25. Ne5 Bd6 26. g3 Bxe5 27. dxe5
Ne4 28. Qc2 Nxg3 29. Qxf5 Nxf5+ 30. Kh1 Rd3 31. Rbd1 Rxa3 32. Rd7 Kb8 33. Rfd1
Rc8 34. Rxf7 Rb3 35. Rdd7 Rb1+ 36. Kg2 Rg8+ 37. Kf3 Nh4+ 38. Ke2 Rb2+ 39. Kd3
Rb3+ 40. Kc2 Rf3 41. Rxb7+ Kc8 42. Rfc7+ Kd8 43. Rb8# 1-0